000 00727nam a22002297a 4500
003 UA-OsUOA
001 37868
007 ta
008 20060412b un ||||| |||| 00| 0 ukr d
090 _a94(477)(035)
_bІ-90
942 _cBK
040 _aUA-OsUOA
_bukr
_cUA-OsUOA
_dUA-OsUOA
245 _aІсторія війни і збройних конфліктів в Україні: Енциклопедичний довідник
300 _a520 с.
955 _a2
041 _aukr
080 _a94(477)(035)
020 _a966-96500-2-Х
260 _aК.
_bВид-во гуманітарної літератури
_c2004
650 7 _a9 Географія. Біографії. Історія
_2UDC
999 _c324025
_d324025